| 000 | 00837nam a2200265 a 4500 | ||
|---|---|---|---|
| 008 | |||
| 020 | _a8120320964 (pbk.) | ||
| 049 | _aMAIN | ||
| 090 |
_aTK7871.58.O6 _bCOU |
||
| 100 | 1 | _aCoughlin, Robert F. | |
| 245 | 1 | 0 |
_aOperational amplifiers and linear integrated circuits / _cRobert F. Coughlin, Frederick F. Driscoll. |
| 250 | _a6th ed. | ||
| 260 |
_aNew Delhi : _bPrentice Hall, _cc2002. |
||
| 300 |
_axxvii, 529 p. : _bill. ; _c25 cm. |
||
| 504 | _aIncludes bibliographical references. | ||
| 500 | _aIncludes index. | ||
| 650 | 0 | _aOperational amplifiers. | |
| 650 | 0 | _aLinear integrated circuits. | |
| 700 | 1 | _aDriscoll, Frederick F. | |
| 907 |
_a.b10129820 _b25-04-12 _c07-07-04 |
||
| 003 | |||
| 005 | 20230123133753.0 | ||
| 040 | _cNUST | ||
| 942 |
_cBOOKS _kTK7871.58.O6 _mCOU |
||
| 999 |
_c154321 _d154321 |
||